000
00347nam a2200133Ia 4500
008
170516s9999 xx 000 0 und d
245
_a
Fluorescent Sensing of Fluoride in Cellular System
260
_b
Theranostics
260
_c
2015
300
_a
5:2
650
_x
Medical Technology
650
_x
Medtech
856
_u
http://www.thno.org/v5i2
999
_c
330268
_d
330268